000 00882cam a2200265 a 4500
001 3826452
003 SEKU
005 20140909093006.0
008 860911s1987 txua b 001 0 eng
010 _a 86072250
020 _z0255037175
040 _aDLC
_cDLC
_dOCoLC
_dDLC
_dSEKU
_beng
050 0 0 _aHD30.28
_b.T53 1987
082 0 0 _a658.4/012
_219
100 1 _aThompson, Arthur A.,
_d1940-
245 1 0 _aStrategic management :
_bconcepts and cases /
_cArthur A. Thompson, Jr., and A.J. Strickland III.
250 _a4th ed.
260 _aPlano, Tex. :
_bBusiness Publications,
_c1987.
300 _axviii, 1054 p. :
_bill. ;
_c25 cm.
504 _aIncludes bibliographies and index.
650 0 _aStrategic planning.
650 0 _aStrategic planning
_xCase studies.
700 1 _aStrickland, A. J.
_q(Alonzo J.)
942 _2lcc
_cGEN
_hHD30.28
_i.T53 1987
999 _c3222
_d3222